000 00739cam a2200277 4500500
005 20260329004831.0
041 _afre
042 _adc
100 1 0 _aEnjalbert, Cédric
_eauthor
245 0 0 _aNe nous fâchons pas !
260 _c2021.
500 _a98
690 _aClimat
690 _aColère
690 _aElsa Godart
690 _aÉnervement
690 _aEnfant
690 _aGloria Origgi
690 _aMaxime Rovere
690 _aMédias
690 _aParents
690 _aTemps
690 _aYves Citton
786 0 _nPhilosophie magazine | 150 | 6 | 2021-06-01 | p. 35-37 | 1951-1787
856 4 1 _uhttps://shs.cairn.info/magazine-philosophie-magazine-2021-6-page-35?lang=fr&redirect-ssocas=7080
999 _c1837765
_d1837765